|
|
|
|
| LEADER |
00000nam2a2200000 4500 |
| 001 |
70598 |
| 005 |
20251028170540.0 |
| 010 |
|
|
|a 5170182090
|
| 010 |
|
|
|a 5-9577-0319-2
|
| 035 |
|
|
|a (RuTPU)RU\TPU\book\75161
|
| 090 |
|
|
|a 70598
|
| 100 |
|
|
|a 20041125d2005 km y0rusy50 ca
|
| 101 |
0 |
|
|a rus
|
| 102 |
|
|
|a RU
|
| 105 |
|
|
|a y z 000zd
|
| 200 |
0 |
|
|a Т. 3
|
| 210 |
|
|
|d 2005
|
| 215 |
|
|
|a 864 с.
|
| 330 |
|
|
|a «История Российская» Татищева — один из самых значительных трудов за всю историю существования российской историографии. Монументально, блестяще и доступно написанная, эта книга охватывает историю нашей страны с древнейших времен — и вплоть до царствования Федора Михайловича Романова. Особая же ценность произведения Татищева в том, что история России здесь представлена ВО ВСЕЙ ЕЕ ПОЛНОТЕ — в аспектах не только военно-политических, но — религиозных, культурных и бытовых!
|
| 461 |
|
1 |
|0 (RuTPU)RU\TPU\book\104786
|y 5-17-013378-2
|y 5-9577-0319-2
|t История Российская
|o в 3 т.
|f В. Н. Татищев
|v Т. 3
|d 2005-
|s Классическая мысль
|
| 600 |
|
0 |
|a Ярослав Всеволодович
|c русский князь
|f 1191-1246
|c сын Всеволода Большое Гнездо
|c с 1238 великий князь владимирский
|2 stltpush
|3 (RuTPU)RU\TPU\pers\10100
|
| 600 |
|
0 |
|a Андрей Ярославич
|f около 1222—1264
|c сын Ярослава Всеволодовича
|c младший брат Александра Невского
|c князь суздальский
|c великий князь владимирский
|2 stltpush
|3 (RuTPU)RU\TPU\pers\14051
|
| 600 |
|
0 |
|a Александр Невский
|c князь новгородский (1236-51)
|c князь владимирский (с 1252 г.)
|f 1219-1263
|2 stltpush
|3 (RuTPU)RU\TPU\pers\5915
|
| 600 |
|
0 |
|a Ярослав Ярославович
|c князь Тверской, Новгородский, Псковский
|c великий князь Владимирский
|c младший брат Александра Невского
|f около 1230-1272
|2 stltpush
|3 (RuTPU)RU\TPU\pers\14037
|
| 600 |
|
0 |
|a Василий Ярославич
|c великий князь владимирский
|c сын Ярослава Всеволодовича
|f 1241—1277
|2 stltpush
|3 (RuTPU)RU\TPU\pers\14052
|
| 600 |
|
0 |
|a Дмитрий Александрович
|c великий князь владимирский
|c сын Александра Невского
|f 1250-1294
|2 stltpush
|3 (RuTPU)RU\TPU\pers\14053
|
| 600 |
|
0 |
|a Андрей Александрович
|d III
|c князь городецкий, костромской
|c великий князь владимирский
|c сын Александра Невского
|f около 1255—1304
|2 stltpush
|3 (RuTPU)RU\TPU\pers\14054
|
| 600 |
|
0 |
|a Михаил Ярославич
|c князь тверской
|f 1271-1318
|c великий князь владимирский
|2 stltpui
|3 (RuTPU)RU\TPU\pers\674
|
| 600 |
|
0 |
|a Юрий Даниилович
|c князь московский
|f конец 70-х гг./начало 80-х гг 13 в.-1325
|2 stltpush
|3 (RuTPU)RU\TPU\pers\14055
|
| 600 |
|
0 |
|a Дмитрий Михайлович Грозные Очи
|c великий князь тверской и владимирский
|f 1299-1326
|2 stltpush
|3 (RuTPU)RU\TPU\pers\14057
|
| 600 |
|
0 |
|a Александр Михайлович
|c великий князь тверской и владимирский
|f 1301-1339
|2 stltpush
|3 (RuTPU)RU\TPU\pers\14058
|
| 600 |
|
0 |
|a Иван Калита
|d I
|f до 1296-1340
|c великий князь московский
|c великий князь владимирский
|2 stltpui
|3 (RuTPU)RU\TPU\pers\1413
|
| 600 |
|
0 |
|a Семен Гордый
|c великий князь Московский и Владимирский
|c старший сын Ивана I Калиты
|f 1316-1353
|2 stltpush
|3 (RuTPU)RU\TPU\pers\14038
|
| 600 |
|
0 |
|a Иван Красный
|d II
|c великий князь владимирский и московский
|f 1326-1359
|2 stltpui
|3 (RuTPU)RU\TPU\pers\1418
|
| 600 |
|
0 |
|a Дмитрий Константинович
|c князь суздальский
|c великий князь владимирский и нижегородский
|f 1323-1383
|2 stltpush
|3 (RuTPU)RU\TPU\pers\14059
|
| 600 |
|
0 |
|a Дмитрий Донской
|c великий князь владимирский и московский
|f 1350-1389
|2 stltpush
|3 (RuTPU)RU\TPU\pers\9952
|
| 600 |
|
0 |
|a Василий Дмитриевич
|d I
|c великий князь московский
|f 1371-1425
|c сын Дмитрия Донского
|2 stltpush
|3 (RuTPU)RU\TPU\pers\10101
|
| 600 |
|
0 |
|a Василий Темный
|d II
|c великий князь московский
|f 1415-1462
|2 stltpui
|3 (RuTPU)RU\TPU\pers\69
|
| 600 |
|
0 |
|a Иван
|d III
|c великий князь владимирский и московский
|f 1440-1505
|2 stltpui
|3 (RuTPU)RU\TPU\pers\1412
|
| 600 |
|
0 |
|a Василий
|d III
|c великий князь московский
|f 1479-1533
|c государь всея Руси
|2 stltpui
|3 (RuTPU)RU\TPU\pers\680
|
| 600 |
|
0 |
|a Иван Грозный
|d IV
|c великий князь московский, первый русский царь
|f 1530-1584
|c из династии Рюриковичей
|2 stltpui
|3 (RuTPU)RU\TPU\pers\1414
|
| 600 |
|
0 |
|a Федор Иванович
|c русский царь
|f 1557-1598
|2 stltpush
|3 (RuTPU)RU\TPU\pers\10810
|
| 600 |
|
0 |
|a Василий Шуйский
|d IV
|f 1552-1612
|c русский царь в 1606 - 1610 гг.
|c полное имя Шуйский Василий Иванович
|2 stltpush
|3 (RuTPU)RU\TPU\pers\10811
|
| 600 |
|
0 |
|a Михаил Федорович
|c первый русский царь из династии Романовых (1613-1645)
|f 1596-1645
|2 stltpush
|3 (RuTPU)RU\TPU\pers\10059
|9 2151
|
| 600 |
|
0 |
|a Федор Алексеевич
|c русский царь из династии Романовых (1676-1682)
|f 1661-1682
|2 stltpush
|3 (RuTPU)RU\TPU\pers\10060
|9 2152
|
| 600 |
|
0 |
|a Святослав Всеволодович
|d III
|c Великий Князь Владимиро-Суздальский
|f 1196-1252
|c сын Всеволода Юрьевича Большое Гнездо
|2 stltpush
|3 (RuTPU)RU\TPU\pers\14050
|
| 606 |
|
|
|a Россия
|x История
|9 81526
|
| 606 |
|
|
|a Россия
|x История
|z 9-17 вв.
|9 81678
|
| 610 |
1 |
|
|a 13 век
|
| 610 |
1 |
|
|a 14 век
|
| 610 |
1 |
|
|a 15 век
|
| 610 |
1 |
|
|a 16 век
|
| 610 |
1 |
|
|a 17 век
|
| 610 |
1 |
|
|a князья русские
|
| 610 |
1 |
|
|a Киевская Русь
|
| 610 |
1 |
|
|a Московская Русь
|
| 610 |
1 |
|
|a персоналии
|
| 686 |
|
|
|a Т3(2)
|2 rubbk
|
| 686 |
|
|
|a Т3(2)4
|2 rubbk
|
| 801 |
|
1 |
|a RU
|b 63413507
|c 20041125
|g PSBO
|
| 801 |
|
2 |
|a RU
|b 63413507
|c 20071225
|g PSBO
|
| 942 |
|
|
|c BK
|